Gojeongkwannyeomeul Kkaeneun 8gaji Jilmun (Record no. 1100030)

MARC details
000 -LEADER
fixed length control field 00762nam a2200277Ia 4500
003 - CONTROL NUMBER IDENTIFIER
control field OSt
005 - DATE AND TIME OF LATEST TRANSACTION
control field 20221006153314.0
008 - FIXED-LENGTH DATA ELEMENTS--GENERAL INFORMATION
fixed length control field 221006b |||||||| |||| 00| 0 kor d
020 ## - INTERNATIONAL STANDARD BOOK NUMBER
International Standard Book Number 9788970650302
037 ## - SOURCE OF ACQUISITION
Terms of availability Textual
040 ## - CATALOGING SOURCE
Original cataloging agency EASL
Transcribing agency EASL
Language of cataloging kor
041 ## - LANGUAGE CODE
Source of code kor
Language code of text/sound track or separate title kor
100 ## - MAIN ENTRY--PERSONAL NAME
Personal name PARK Yeong-Uk Au.
9 (RLIN) 663378
245 #0 - TITLE STATEMENT
Title Gojeongkwannyeomeul Kkaeneun 8gaji Jilmun
260 ## - PUBLICATION, DISTRIBUTION, ETC.
Place of publication, distribution, etc. Seoul
Name of publisher, distributor, etc. Hongik Korea
Date of publication, distribution, etc. 2005
300 ## - PHYSICAL DESCRIPTION
Extent 254p.
Dimensions cm.
490 ## - SERIES STATEMENT
Volume/sequential designation KL
650 ## - SUBJECT ADDED ENTRY--TOPICAL TERM
Topical term or geographic name entry element KL
650 ## - SUBJECT ADDED ENTRY--TOPICAL TERM
Topical term or geographic name entry element Drama
9 (RLIN) 663379
942 ## - ADDED ENTRY ELEMENTS (KOHA)
Classification part O495,2, P5
Koha item type Textual
Source of classification or shelving scheme Colon Classification (CC)
Holdings
Withdrawn status Lost status Source of classification or shelving scheme Damaged status Not for loan Home library Current library Date acquired Source of acquisition Serial Enumeration / chronology Total Checkouts Full call number Barcode Date last seen Price effective from Koha item type
    Colon Classification (CC)     Department of East Asian Studies Library Department of East Asian Studies Library 2022-10-06 Gift, Korean Embassy KL   O495,2 P5 EA1232779 2022-10-06 2022-10-06 Textual
Copyright @ Delhi University Library System